| 000 | 01616nam0a2200349 4500 | ||
|---|---|---|---|
| 001 | RU\NLR\bibl\1790093 | ||
| 005 | 20250616142404.0 | ||
| 010 | _a978-5-7133-1371-5 | ||
| 021 |
_aRU _b2011-46551 _93311 |
||
| 035 | _a(NLR Aleph) 001780802 | ||
| 090 |
_a1696348 _c1696348 |
||
| 100 | _a20110706d2011 |||y0rusy50 ca | ||
| 101 | 1 |
_arus _cger |
|
| 102 | _aRU | ||
| 105 | _ay ||||||||| | ||
| 200 | 1 |
_aСравнительное частное право _eв 2 т. _e[перевод с немецкого] _fК. Цвайгерт, Х. Кетц |
|
| 210 |
_aМосква _cМеждународные отношения _d2011 |
||
| 215 |
_a726, [1] с. _d25 |
||
| 300 | _aЗагл. и авт. ориг.: Einführung in die Rechtsvergleichung / Konrad Zweigert und Hein Kötz | ||
| 320 | _aБиблиогр. в начале параграфа и в тексте | ||
| 327 | 1 | _aСодерж.: т. 1: Основы; т. 2: Договор. Неосновательное обогащение. Деликт | |
| 454 | 0 |
_12001#$aEinführung in die Rechtsvergleichung$fKonrad Zweigert und Hein Kötz _1700#1$aZweigert$bK.$gKonrad$4070 _1701#1$aKötz$bH.$gHein$4070 _tEinführung in die Rechtsvergleichung _aZweigert, Konrad |
|
| 606 | 1 |
_aЧастное право _xСравнительно-правовые исследования _92405372 _3RU\NLR\auth\661433546 |
|
| 686 | _aХ99 | ||
| 700 | 1 |
_aЦвайгерт _bК. _gКонрад _4070 |
|
| 701 | 1 |
_aКетц _bХ. _gХайн _4070 |
|
| 801 | 0 |
_aRU _bNLR _c20110706 _gRCR |
|
| 801 | 1 |
_aRU _bNLR _c20110706 |
|
| 942 | _cBOOK | ||
| 980 | _aNB | ||
| 980 | _aNBR | ||